<?xml version="1.0" encoding="UTF-8"?>
<record
    xmlns:xsi="http://www.w3.org/2001/XMLSchema-instance"
    xsi:schemaLocation="http://www.loc.gov/MARC21/slim http://www.loc.gov/standards/marcxml/schema/MARC21slim.xsd"
    xmlns="http://www.loc.gov/MARC21/slim">

  <leader>03185nam0a22005411  4500</leader>
  <controlfield tag="001">RU\NLR\A1\22046</controlfield>
  <controlfield tag="005">20260407102315.0</controlfield>
  <datafield tag="035" ind1=" " ind2=" ">
    <subfield code="a">(NLR Aleph) 009676513</subfield>
  </datafield>
  <datafield tag="090" ind1=" " ind2=" ">
    <subfield code="a">9684759</subfield>
    <subfield code="c">9684759</subfield>
  </datafield>
  <datafield tag="100" ind1=" " ind2=" ">
    <subfield code="a">19980610d1786    m  y0rusy50      ca</subfield>
  </datafield>
  <datafield tag="101" ind1="1" ind2=" ">
    <subfield code="a">rus</subfield>
    <subfield code="c">lat</subfield>
  </datafield>
  <datafield tag="102" ind1=" " ind2=" ">
    <subfield code="a">RU</subfield>
  </datafield>
  <datafield tag="135" ind1=" " ind2=" ">
    <subfield code="a">crcn 024anaba</subfield>
  </datafield>
  <datafield tag="140" ind1=" " ind2=" ">
    <subfield code="a">y   y    aa        yaa0000  </subfield>
  </datafield>
  <datafield tag="200" ind1="1" ind2=" ">
    <subfield code="a">&#x421;&#x432;&#x44F;&#x442;&#x435;&#x439;&#x448;&#x435;&#x435; &#x440;&#x430;&#x437;&#x441;&#x43C;&#x430;&#x442;&#x440;&#x438;&#x432;&#x430;&#x43D;&#x438;&#x435; &#x431;&#x43E;&#x436;&#x435;&#x441;&#x442;&#x432;&#x435;&#x43D;&#x43D;&#x44B;&#x445; &#x441;&#x432;&#x43E;&#x439;&#x441;&#x442;&#x432;,</subfield>
    <subfield code="e">&#x441;&#x43E;&#x447;&#x438;&#x43D;&#x435;&#x43D;&#x43D;&#x43E;&#x435; &#x434;&#x43B;&#x44F; &#x43F;&#x440;&#x43E;&#x438;&#x437;&#x432;&#x435;&#x434;&#x435;&#x43D;&#x438;&#x44F; &#x434;&#x43E;&#x431;&#x440;&#x43E;&#x434;&#x435;&#x442;&#x435;&#x43B;&#x44C;&#x43D;&#x44B;&#x445; &#x447;&#x443;&#x432;&#x441;&#x442;&#x432;&#x43E;&#x432;&#x430;&#x43D;&#x438;&#x439; &#x438; &#x434;&#x435;&#x439;&#x441;&#x442;&#x432;&#x438;&#x439;.</subfield>
    <subfield code="f">&#x418;&#x437; &#x441;&#x43E;&#x447;&#x438;&#x43D;&#x435;&#x43D;&#x438;&#x439; &#x41F;&#x430;&#x43B;&#x44C;&#x43C;&#x430; &#x411;&#x43B;&#x430;&#x437;&#x430;.</subfield>
    <subfield code="g">&#x41F;&#x435;&#x440;&#x435;&#x432;&#x43E;&#x434; &#x441; &#x43B;&#x430;&#x442;&#x438;&#x43D;&#x441;&#x43A;&#x430;&#x433;&#x43E; &#x44F;&#x437;&#x44B;&#x43A;&#x430; [&#x41F;&#x430;&#x432;&#x43B;&#x430; &#x413;&#x440;&#x43E;&#x434;&#x43D;&#x438;&#x446;&#x43A;&#x43E;&#x433;&#x43E;]</subfield>
  </datafield>
  <datafield tag="210" ind1=" " ind2=" ">
    <subfield code="a">&#x41C;&#x43E;&#x441;&#x43A;&#x432;&#x430;</subfield>
    <subfield code="c">&#x432; &#x442;&#x438;&#x43F;&#x43E;&#x433;&#x440;&#x430;&#x444;&#x438;&#x438; &#x41A;&#x43E;&#x43C;&#x43F;&#x430;&#x43D;&#x438;&#x438; &#x442;&#x438;&#x43F;&#x43E;&#x433;&#x440;&#x430;&#x444;&#x438;&#x447;&#x435;&#x441;&#x43A;&#x43E;&#x439;</subfield>
    <subfield code="d">1786</subfield>
  </datafield>
  <datafield tag="215" ind1=" " ind2=" ">
    <subfield code="a">50, [2] &#x441;.</subfield>
    <subfield code="d">8&#xB0;</subfield>
  </datafield>
  <datafield tag="300" ind1=" " ind2=" ">
    <subfield code="a">&#x426;&#x435;&#x43D;&#x437;: &#x441; &#x443;&#x43A;&#x430;&#x437;&#x43D;&#x430;&#x433;&#x43E; &#x434;&#x43E;&#x437;&#x432;&#x43E;&#x43B;&#x435;&#x43D;&#x438;&#x44F;</subfield>
  </datafield>
  <datafield tag="300" ind1=" " ind2=" ">
    <subfield code="a">&#x41D;&#x430; &#x441;.3-6 &#x43F;&#x43E;&#x441;&#x432;&#x44F;&#x449;. &#x43F;&#x435;&#x440;&#x435;&#x432;&#x43E;&#x434;&#x447;&#x438;&#x43A;&#x430; &#x435;&#x43F;. &#x427;&#x435;&#x440;&#x43D;&#x438;&#x433;&#x43E;&#x432;&#x441;&#x43A;&#x43E;&#x43C;&#x443; &#x438; &#x41D;&#x435;&#x436;&#x438;&#x43D;&#x441;&#x43A;&#x43E;&#x43C;&#x443; &#x424;&#x435;&#x43E;&#x444;&#x438;&#x43B;&#x443; &#x441; &#x43F;&#x43E;&#x434;&#x43F;&#x438;&#x441;&#x44C;&#x44E; "&#x41F;&#x430;&#x432;&#x435;&#x43B; &#x413;&#x440;&#x43E;&#x434;&#x43D;&#x438;&#x446;&#x43A;&#x438;&#x439;"</subfield>
  </datafield>
  <datafield tag="306" ind1=" " ind2=" ">
    <subfield code="a">&#x412; 1787 &#x433;. &#x432; &#x43C;&#x43E;&#x441;&#x43A;. &#x43A;&#x43D;. &#x43B;&#x430;&#x432;&#x43A;&#x430;&#x445; &#x43A;&#x43E;&#x43D;&#x444;&#x438;&#x441;&#x43A;&#x43E;&#x432;&#x430;&#x43D;&#x43E; 1013 &#x44D;&#x43A;&#x437;.</subfield>
  </datafield>
  <datafield tag="316" ind1=" " ind2=" ">
    <subfield code="a">&#x42D;&#x43A;&#x437;. &#x420;&#x41D;&#x411; (18.106.2.67) &#x432; &#x441;&#x435;&#x440;&#x43E;&#x439; &#x431;&#x443;&#x43C;&#x430;&#x436;&#x43D;&#x43E;&#x439; &#x43E;&#x431;&#x43B;. &#x41D;&#x430; 1-&#x439; &#x441;. &#x43E;&#x431;&#x43B;. &#x44F;&#x440;&#x43B;&#x44B;&#x43A; &#x441; &#x448;&#x438;&#x444;&#x440;&#x43E;&#x43C; &#x420;&#x41D;&#x411;. &#x41D;&#x430; 2-&#x439; &#x441;. &#x43E;&#x431;&#x43B;. &#x434;&#x432;&#x430; &#x441;&#x442;&#x430;&#x440;&#x44B;&#x445; &#x44F;&#x440;&#x43B;&#x44B;&#x43A;&#x430;. &#x41D;&#x430; &#x442;&#x438;&#x442;. &#x43B;. &#x438; &#x441;.50 &#x448;&#x442;&#x430;&#x43C;&#x43F; &#x418;&#x411; &#x432; &#x432;&#x435;&#x43D;&#x43A;&#x435; &#x441; &#x43A;&#x43E;&#x440;&#x43E;&#x43D;&#x43E;&#x439;. &#x41D;&#x430; &#x442;&#x438;&#x442;. &#x43B;., &#x441;.33 &#x438; 50 &#x43A;&#x440;&#x443;&#x433;&#x43B;&#x44B;&#x439; &#x448;&#x442;&#x430;&#x43C;&#x43F; &#x413;&#x41F;&#x411;. &#x41D;&#x430; &#x442;&#x438;&#x442;. &#x43B;. &#x434;&#x44B;&#x440;&#x430;. &#x42D;&#x43A;&#x437;. &#x43D;&#x435; &#x43E;&#x431;&#x440;&#x435;&#x437;&#x430;&#x43D;. &#x420;&#x430;&#x437;&#x43C;&#x435;&#x440;: 18,9&#x445;11,6&#x445;0,7 &#x441;&#x43C;</subfield>
    <subfield code="5">NLR: 18.106.2.67</subfield>
  </datafield>
  <datafield tag="321" ind1="1" ind2=" ">
    <subfield code="a">&#x421;&#x41A; XVIII 5116</subfield>
  </datafield>
  <datafield tag="325" ind1=" " ind2=" ">
    <subfield code="a">&#x41A;&#x43E;&#x43F;&#x438;&#x44F; &#x434;&#x43E;&#x441;&#x442;&#x443;&#x43F;&#x43D;&#x430; &#x432; &#x42D;&#x43B;&#x435;&#x43A;&#x442;&#x440;&#x43E;&#x43D;. &#x431;-&#x43A;&#x435; &#x420;&#x41D;&#x411;</subfield>
  </datafield>
  <datafield tag="518" ind1="1" ind2=" ">
    <subfield code="a">&#x421;&#x432;&#x44F;&#x442;&#x435;&#x439;&#x448;&#x435;&#x435; &#x440;&#x430;&#x441;&#x441;&#x43C;&#x430;&#x442;&#x440;&#x438;&#x432;&#x430;&#x43D;&#x438;&#x435; &#x431;&#x43E;&#x436;&#x435;&#x441;&#x442;&#x432;&#x435;&#x43D;&#x43D;&#x44B;&#x445; &#x441;&#x432;&#x43E;&#x439;&#x441;&#x442;&#x432;</subfield>
  </datafield>
  <datafield tag="620" ind1=" " ind2=" ">
    <subfield code="d">&#x41C;&#x43E;&#x441;&#x43A;&#x432;&#x430;</subfield>
  </datafield>
  <datafield tag="700" ind1=" " ind2="1">
    <subfield code="4">070</subfield>
    <subfield code="7">ca</subfield>
    <subfield code="8">rus</subfield>
    <subfield code="a">&#x41F;&#x430;&#x43B;&#x44C;&#x43C;&#x430;</subfield>
    <subfield code="b">&#x411;.</subfield>
    <subfield code="f">1577-1635</subfield>
    <subfield code="g">&#x411;&#x43B;&#x430;&#x437;&#x438;&#x443;&#x441;</subfield>
    <subfield code="9">232303</subfield>
    <subfield code="3">RU\NLR\AUTH\770232359</subfield>
  </datafield>
  <datafield tag="702" ind1=" " ind2="1">
    <subfield code="4">730</subfield>
    <subfield code="7">ca</subfield>
    <subfield code="8">rus</subfield>
    <subfield code="a">&#x413;&#x440;&#x43E;&#x434;&#x43D;&#x438;&#x446;&#x43A;&#x438;&#x439;</subfield>
    <subfield code="b">&#x41F;.</subfield>
    <subfield code="f">18 &#x432;.</subfield>
    <subfield code="g">&#x41F;&#x430;&#x432;&#x435;&#x43B;</subfield>
    <subfield code="9">232301</subfield>
    <subfield code="3">RU\NLR\AUTH\770232357</subfield>
  </datafield>
  <datafield tag="702" ind1=" " ind2="0">
    <subfield code="4">280</subfield>
    <subfield code="7">ca</subfield>
    <subfield code="8">rus</subfield>
    <subfield code="a">&#x424;&#x435;&#x43E;&#x444;&#x438;&#x43B;</subfield>
    <subfield code="c">&#x418;&#x433;&#x43D;&#x430;&#x442;&#x43E;&#x432;&#x438;&#x447;, &#x424;&#x435;&#x43E;&#x434;&#x43E;&#x440; &#x41A;&#x438;&#x440;&#x433;&#x430;&#x43A;&#x43E;&#x432;&#x438;&#x447;</subfield>
    <subfield code="f">1726-1788</subfield>
    <subfield code="9">232307</subfield>
    <subfield code="3">RU\NLR\AUTH\770232363</subfield>
  </datafield>
  <datafield tag="712" ind1="0" ind2="2">
    <subfield code="4">610</subfield>
    <subfield code="a">&#x422;&#x438;&#x43F;&#x43E;&#x433;&#x440;&#x430;&#x444;&#x438;&#x447;&#x435;&#x441;&#x43A;&#x430;&#x44F; &#x43A;&#x43E;&#x43C;&#x43F;&#x430;&#x43D;&#x438;&#x44F;</subfield>
    <subfield code="c">&#x41C;&#x43E;&#x441;&#x43A;&#x432;&#x430;</subfield>
    <subfield code="b">&#x422;&#x438;&#x43F;&#x43E;&#x433;&#x440;&#x430;&#x444;&#x438;&#x44F;</subfield>
    <subfield code="3">RU\NLR\AUTH\889930188</subfield>
    <subfield code="9">355937</subfield>
  </datafield>
  <datafield tag="801" ind1=" " ind2="0">
    <subfield code="a">RU</subfield>
    <subfield code="b">NLR</subfield>
    <subfield code="c">19980610</subfield>
  </datafield>
  <datafield tag="852" ind1=" " ind2=" ">
    <subfield code="a">NLR</subfield>
    <subfield code="j">18.106.2.67</subfield>
  </datafield>
  <datafield tag="856" ind1=" " ind2="0">
    <subfield code="u">http://vivaldi.nlr.ru/bx000017556/view</subfield>
  </datafield>
  <datafield tag="856" ind1=" " ind2="1">
    <subfield code="u">http://vivaldi.nlr.ru/bx000017556/cover</subfield>
  </datafield>
  <datafield tag="856" ind1=" " ind2="2">
    <subfield code="u">http://vivaldi.nlr.ru/bx000017556/text</subfield>
  </datafield>
  <datafield tag="899" ind1=" " ind2=" ">
    <subfield code="a">&#x420;&#x413;&#x411;</subfield>
  </datafield>
  <datafield tag="899" ind1=" " ind2=" ">
    <subfield code="a">&#x411;&#x410;&#x41D;</subfield>
  </datafield>
  <datafield tag="899" ind1=" " ind2=" ">
    <subfield code="a">&#x413;&#x41F;&#x418;&#x411;</subfield>
  </datafield>
  <datafield tag="899" ind1=" " ind2=" ">
    <subfield code="a">&#x421;&#x41F;&#x431;&#x413;&#x423;</subfield>
  </datafield>
  <datafield tag="942" ind1=" " ind2=" ">
    <subfield code="c">BOOK</subfield>
  </datafield>
  <datafield tag="980" ind1=" " ind2=" ">
    <subfield code="a">NB</subfield>
  </datafield>
  <datafield tag="980" ind1="3" ind2=" ">
    <subfield code="a">kpcivil</subfield>
  </datafield>
  <datafield tag="980" ind1="3" ind2=" ">
    <subfield code="a">kp</subfield>
  </datafield>
  <datafield tag="980" ind1=" " ind2=" ">
    <subfield code="a">A1XVIIIv</subfield>
  </datafield>
  <datafield tag="981" ind1="2" ind2="0">
    <subfield code="a">(20) &#x41A;&#x43D;&#x438;&#x436;&#x43D;&#x44B;&#x435; &#x43F;&#x430;&#x43C;&#x44F;&#x442;&#x43D;&#x438;&#x43A;&#x438; &#x420;&#x41D;&#x411;</subfield>
    <subfield code="b">(20) &#x420;&#x443;&#x441;&#x441;&#x43A;&#x438;&#x439; &#x43A;&#x43D;&#x438;&#x436;&#x43D;&#x44B;&#x439; &#x444;&#x43E;&#x43D;&#x434;</subfield>
  </datafield>
  <datafield tag="995" ind1=" " ind2=" ">
    <subfield code="5">2016-05-13</subfield>
    <subfield code="b">NLR02</subfield>
    <subfield code="c">NLR02</subfield>
    <subfield code="e">RFS</subfield>
    <subfield code="f">9676513-10</subfield>
    <subfield code="k">18.106.2.67</subfield>
    <subfield code="o">0</subfield>
    <subfield code="r">BOOK</subfield>
    <subfield code="s">18106267_</subfield>
  </datafield>
</record>
